Statistics for Derek And The Dominos-Layla (Lyrics)

Click here to take the quiz!

General Stats

  • This quiz has been taken 44 times
  • The average score is 115 of 165

Answer Stats

Lyrics% Correct
Go
95%
You
95%
Got
93%
Layla,
93%
Me
93%
My
93%
A
90%
Knees
90%
On
90%
Please
88%
Darling
85%
Do
83%
I
83%
Begging,
78%
Your
75%
When
73%
By
70%
I'm
70%
Lonely
70%
Side
70%
In
68%
Love
68%
Waiting
68%
Won't
68%
You've
68%
And
65%
Fool,
65%
Mind
65%
To
65%
Ease
63%
Get
63%
With
63%
Worried
63%
Too
58%
Foolish
55%
It's
55%
Know
55%
Just
53%
Nobody's
53%
The
53%
Down
50%
Fell
50%
Insane
48%
Long
48%
Let
45%
Much
45%
Of
45%
Been
43%
Don't
43%
Hiding
43%
Like
43%
Pride
43%
What'll
43%
All
40%
Finally
40%
Say
40%
Situation
40%
Upside
40%
Way
40%
World
40%
Before
38%
Find
38%
Running
38%
Vain
38%
Whole
38%
Best
35%
Make
35%
Never
35%
Turned
35%
Give
33%
We'll
33%
Love's
30%
Man
30%
Tried
30%
Tell
28%
Consolation
25%
Old
25%
Had
20%

Score Distribution

Percentile by Number Answered

Percent of People with Each Score

Your Score History

You have not taken this quiz